| 000 | 00595ntaaa2200205 4500 | ||
|---|---|---|---|
| 003 | 01 | ||
| 005 | 20251027202206.0 | ||
| 008 | 0714s1973 ag 01 | ||
| 040 |
_aAR-BaBN _bspa _cAR-BaBN _eaacr _dRIC |
||
| 082 | _a267.4000 W58 | ||
| 100 |
_aWhite, Blanch Sydnor _920501 |
||
| 245 | _aSagrado amor nos une | ||
| 250 | _a1 ed. | ||
| 260 |
_aSantiago : _bImprenta Wilson, _cn.f. |
||
| 300 | _a31 p | ||
| 500 | _aEjs. 3-5 (28146, 28147 and 28148) retirados definitivamente de biblioteca | ||
| 650 |
_aSociedad femenil misionera _910447 |
||
| 650 |
_aAlianza bautista mundial _920502 |
||
| 942 | _cBK | ||
| 999 |
_c16857 _d16857 |
||